Statistics for Terraria

Click here to take the quiz!

General Stats

  • This quiz has been taken 22 times
  • The average score is 9 of 11

Answer Stats

HintAnswer% Correct
What is the first sword you getcopper shortsword
100%
Slime BossKing Slime
100%
the easiest bossking slime
100%
the bee bossqueen bee
100%
The First NPCthe guide
100%
the last bossmoon lord
95%
the best swordzenith
95%
the boss you have to fishduke fishron
89%
who is the jungle merchant you get after killing the wall of fleshwitch doctor
68%
the rarest enemies in the gamenymph
11%
what is the best weapon to kill plantera withdeath sickle
0%

Score Distribution

Percentile by Number Answered

Percent of People with Each Score

Your Score History

You have not taken this quiz